Využitie moderných informačných technológii v oblasti e-commerce diplomová práca

Salvato in:
Dettagli Bibliografici
Autore principale: Ševčík, Peter
Ente Autore: Fakulta podnikového manažmentu EU. Katedra informačného manažmentu
Altri autori: Juriková, Benita, 1973-
Natura: Libro
Lingua:slovacco
Pubblicazione: Bratislava 2008
Tags: Aggiungi Tag
Nessun Tag, puoi essere il primo ad aggiungerne!!

MARC

LEADER 00000nam$a2200000$$$4500
001 0083844
005 20240201120759.0
041 0 |a slo 
044 |a SK 
245 1 0 |a Využitie moderných informačných technológii v oblasti e-commerce  |b diplomová práca  |c Peter Ševčík ; škol. Benita Juriková 
264 1 |a Bratislava  |c 2008 
300 |a 57 s. 
100 1 |a Ševčík, Peter 
700 1 |a Juriková, Benita, 1973- 
710 2 |a Fakulta podnikového manažmentu EU. Katedra informačného manažmentu